Wpływ zakłóceń generowanych periodycznie na wydajność wentylatorowej chłodnicy powietrza / (Rekord nr 653)
| 000 -ETYKIETA REKORDU | |
|---|---|
| podpole kontrolne o stałej długości | 01248naa a22002051i 4500 |
| 001 - NUMER KONTROLNY REKORDU | |
| podpole kontrolne | 653 |
| 003 - IDENTYFIKATOR NUMERU KONTROLNEGO REKORDU | |
| podpole kontrolne | KOSZ 005 |
| 005 - DATA OSTATNIEJ MODYFIKACJI REKORDU | |
| podpole kontrolne | 20180423094050.0 |
| 008 - POLE O STAŁEJ DŁUGOŚCI - DANE KONTROLNE | |
| podpole kontrolne o stałej długości | 140221s2006 pl f |000 0 pol d |
| 040 ## - ŹRÓDŁO KATALOGOWANIA | |
| Instytucja, która utworzyła rekord | BPK |
| Instytucja, która dokonała modyfikacji | KOSZ 005/ac |
| 080 ## - UNIWERSALNA KLASYFIKACJA DZIESIĘTNA - UKD | |
| UKD | 621.59 |
| 100 1# - NAZWA OSOBOWA | |
| Nazwa osobowa | BOHDAL, Tadeusz. |
| Lata pracy | 1996 - . |
| Instytucja | Politechnika Koszalińska - Wydział Mechaniczny, |
| Wydział | Katedra Techniki Cieplnej i Chłodnictwa |
| 245 10 - TYTUŁ/ODPOWIEDZIALNOŚĆ | |
| Tytuł | Wpływ zakłóceń generowanych periodycznie na wydajność wentylatorowej chłodnicy powietrza / |
| Pozostałe elementy strefy tytułu i oznaczenia odpowiedzialności | Tadeusz Bohdal, Wojciech Kuczyński. |
| 500 ## - UWAGI OGÓLNE | |
| Tekst uwagi | Dane z autopsji. |
| 520 ## - UWAGA DOTYCZĄCA TREŚCI DOKUMENTU | |
| Analiza dokumentacyjna, adnotacja itp. | Podjęto próbę analizy teoretycznej i eksperymentalnej wpływu zaburzeń zewnętrznych w postaci periodycznych zmian w dostarczaniu czynnika chłodniczego do parownika chłodnicy wentylatorowej na powstawanie niestabilności w pracy urządzenia. Określono również intensywność oddziaływania tych zakłóceń na proces wymiany ciepła podczas przemiany fazowej wrzenia. |
| 650 #0 - HASŁO PRZEDMIOTOWE W FORMIE NAZWY OGÓLNEJ LUB JEDNOSTKOWEJ | |
| Nazwa ogólna lub geograficzna | Chłodnictwo - urządzenia. |
| 700 1# - HASŁO DODATKOWE - NAZWA OSOBOWA | |
| Nazwa osobowa | KUCZYŃSKI, Wojciech. |
| Lata pracy | 1996 - . |
| Instytucja | Politechnika Koszalińska - Wydział Budownictwa i Inżynierii Środowiska, |
| Wydział | Katedra Sieci i Instalacji Sanitarnych |
| 773 0# - TYTUŁ DOKUMENTU MACIERZYSTEGO | |
| Wyrażenie wprowadzające | W : |
| Tytuł | Chłodnictwo. - |
| Informacje dotyczące relacji | 2006, nr 11, s. 8-14 |
| 942 ## - HASŁO DODATKOWE - ELEMENTY(KOHA) | |
| Typ dokumentu | Artykuł |
| Schemat klasyfikacji | Uniwersalna klasyfikacja dziesiętna |
| Wycofany | Zagubiony | Uszkodzony | Dostępność | Lokalizacja stała | Lokalizacja bieżąca | Typ dokumentu |
|---|---|---|---|---|---|---|
| Dostępny | Bibliografia Prac Pracowników - BPK | Bibliografia Prac Pracowników - BPK | Artykuł |
